000
00308nam a22001337a 4500
008
181011b xxu||||| |||| 00| 0 eng d
020
_a
9781609182199
041
_a
eng
080
_a
159.9
100
_a
48
101
_a
PSI
245
_a
Functional Impairment Scale (BFIS)
_c
Barkley,R.A
942
_2
udc
_c
BK
999
_c
49326
_d
49326